000 00707nam a2200229Ii 4500
003 JO-AjNU
008 230605s9999||||xx |||||||||||||| ||und||
017 _a1987/9/402
020 _a977-247-414-X
040 _aJO-AjNU
_bara
_erda
_cJO-AjNU
041 _aara
050 1 4 _aJA71.N5732.1989
100 3 _aبركات، نظام ،الرواف، عثمان ،الحلوة ،محمد,
_eauthor
_934865
245 0 0 _aمبادئ علم السياسة
250 _aط3
264 3 1 _aعمان : دار الكرمل ، 1984
300 _a413ص
336 _atext
_btxt
_2rdacontent
337 _aunmediated
_bn
_2rdamedia
338 _avolume
_bnc
_2rdacarrier
650 4 _aالسياسة - علم
_934866
999 _aA14337
_c17905
_d17905